[Event "CYP-ch"]
[Site "Larnaca"]
[Date "2022.04.01"]
[Round "5"]
[White "Abatzidis, Stelios"]
[Black "Savva, Marios"]
[Result "0-1"]
[WhiteElo "1826"]
[BlackElo "1749"]
[PlyCount "161"]
[EventDate "2022.03.12"]
[EventType "tourn"]
[EventRounds "11"]
[EventCountry "CYP"]
[SourceTitle "EXT 2023"]
[Source "ChessBase"]
[SourceDate "2022.10.05"]
[SourceVersion "1"]
[SourceVersionDate "2022.10.05"]
[SourceQuality "1"]

1. e4 e6 2. d4 d5 3. Nd2 Be7 4. Bd3 c5 5. dxc5 Nf6 6. Qe2 0-0 7. Ngf3 a5 8. b3 Na6 9. e5 Nd7 10. c3 Naxc5 11. Bc2 Qc7 12. Bb2 b5 13. 0-0 Ba6 14. Rfe1 b4 15. c4 dxc4 16. bxc4 Nb6 17. Rac1 Rad8 18. Bd4 Rd7 19. Bb1 Bb7 20. Bxc5 Qxc5 21. Nb3 Qc7 22. Nxa5 Nc8 23. Nxb7 Qxb7 24. c5 Qc7 25. Rc4 Rfd8 26. h4 Na7 27. c6 Rd5 28. Rec1 Nb5 29. Be4 Nd4 30. Qd3 Nxf3+ 31. Qxf3 Rxe5 32. Qg3 Bd6 33. Qb3 Ra5 34. R4c2 g6 35. Qf3 Ra3 36. Qe2 Raa8 37. h5 Ra5 38. hxg6 hxg6 39. Qg4 Kg7 40. Qe2 Rh8 41. Bf3 Bh2+ 42. Kf1 Bf4 43. g3 Bxc1 44. Rxc1 Rd8 45. Qb2+ e5 46. Qxb4 Rxa2 47. Qb7 Ra7 48. Qb5 Rd2 49. Rd1 Rxd1+ 50. Bxd1 Ra1 51. Ke2 Qd6 52. Bb3 Rc1 53. Qb7 Rxc6 54. Qxf7+ Kh6 55. Qg8 Qf6 56. Qd5 Rd6 57. Qc5 Rd4 58. Bd5 Qa6+ 59. Kf3 Qd3+ 60. Kg2 Rxd5 61. Qf8+ Kg5 62. Qe7+ Kf5 63. Qf7+ Ke4 64. Qxg6+ Kd4 65. Qb6+ Kc3 66. Qc6+ Qc4 67. Qh6 Qe4+ 68. f3 Qe2+ 69. Kh3 Qxf3 70. Qc6+ Kd3 71. Qa6+ Ke4 72. Qc4+ Rd4 73. Qc6+ Ke3 74. Qc3+ Ke2 75. Qb2+ Kf1 76. Qa1+ Rd1 77. Qxe5 Qh1+ 78. Kg4 Qd5 79. Qf5+ Kg2 80. Qc2+ Rd2 81. Qc7 0-1

[Event "CYP-ch op"]
[Site "Nicosia"]
[Date "2022.02.05"]
[Round "2"]
[White "Abatzidis, Stelios"]
[Black "Bouzana, Christina"]
[Result "1-0"]
[WhiteElo "1826"]
[BlackElo "1108"]
[PlyCount "97"]
[EventDate "2022.02.04"]
[EventType "swiss"]
[EventRounds "9"]
[EventCountry "CYP"]
[SourceTitle "CBM 207 Extra"]
[Source "ChessBase"]
[SourceDate "2022.05.31"]
[SourceVersion "1"]
[SourceVersionDate "2022.05.31"]
[SourceQuality "1"]

1. Nf3 d5 2. c4 c6 3. b3 Bf5 4. Bb2 e6 5. e3 Nd7 6. Be2 Ngf6 7. 0-0 Bd6 8. d3 Bc7 9. Re1 Ba5 10. Rf1 Bc7 11. Nbd2 Bg4 12. a3 e5 13. Qc2 Bxf3 14. Bxf3 0-0 15. Rfe1 Re8 16. Rad1 a6 17. Rc1 Rc8 18. Nf1 Nb6 19. Ng3 Qe7 20. e4 d4 21. c5 Nbd7 22. b4 Bb8 23. Qd2 h6 24. Bd1 b5 25. cxb6 Nxb6 26. Bb3 Qd6 27. Nf5 Qf8 28. Kh1 Nbd7 29. Rc2 Rc7 30. Rec1 Rec8 31. f4 Ng4 32. h3 Ne3 33. Nxe3 dxe3 34. Qxe3 Qe7 35. fxe5 Nxe5 36. d4 Ba7 37. Qg3 Ng6 38. Qxg6 Qf6 39. Qxf6 gxf6 40. d5 Rd7 41. Bxf6 Rd6 42. e5 Rd7 43. Rc3 Bb8 44. Rg3+ Kf8 45. d6 Ra7 46. Rc4 Ke8 47. Bc2 Kd7 48. Bf5+ Ke8 49. Rg8# 1-0

[Event "CYP-ch op"]
[Site "Nikosia"]
[Date "2021.06.13"]
[Round "4"]
[White "Vermehren, Nicolas"]
[Black "Abatzidis, Stelios"]
[Result "0-1"]
[WhiteElo "1573"]
[BlackElo "1819"]
[PlyCount "80"]
[EventDate "2021.06.11"]
[EventType "swiss"]
[EventRounds "7"]
[EventCountry "CYP"]
[SourceTitle "EXT 2023"]
[Source "ChessBase"]
[SourceDate "2022.10.05"]
[SourceVersion "1"]
[SourceVersionDate "2022.10.05"]
[SourceQuality "1"]

1. e4 e5 2. Nf3 Nc6 3. Bc4 Bc5 4. 0-0 d6 5. d3 Bg4 6. c3 Qd7 7. Nbd2 Nge7 8. b4 Bb6 9. a4 a6 10. Bb2 0-0 11. Re1 Kh8 12. Qb3 f5 13. Ng5 h6 14. Ne6 Rf6 15. d4 Re8 16. a5 Ba7 17. b5 axb5 18. Qxb5 Rxe6 19. Bxe6 Qxe6 20. d5 Qg6 21. dxc6 Bh3 22. Qf1 Nxc6 23. exf5 Bxf5 24. Qe2 e4 25. Kh1 Ne5 26. a6 bxa6 27. Rxa6 Bb6 28. Qb5 Nd3 29. Rea1 Nxf2+ 30. Kg1 Nh3+ 31. Kf1 e3 32. Nc4 Bd3+ 33. Ke1 Re4 34. Ra8+ Kh7 35. Rf8 Bxc4 36. Raa8 Qg5 37. Qc6 Qxg2 38. Rh8+ Kg6 39. Rxh6+ gxh6 40. Rg8+ Bxg8 0-1

[Event "Lympia Cyprus-ch op"]
[Site "Lympia"]
[Date "2020.02.02"]
[Round "9"]
[White "Damianou, Ioannis"]
[Black "Abatzidis, Stelios"]
[Result "1-0"]
[WhiteElo "2130"]
[BlackElo "1854"]
[PlyCount "43"]
[EventDate "2020.01.05"]
[EventType "swiss"]
[EventRounds "9"]
[EventCountry "CYP"]
[SourceTitle "CBM 194 Extra"]
[Source "ChessBase"]
[SourceDate "2020.03.31"]
[SourceVersion "1"]
[SourceVersionDate "2020.03.31"]
[SourceQuality "1"]

1. c4 e5 2. g3 Nf6 3. Bg2 Bc5 4. Nc3 0-0 5. e3 Re8 6. Nge2 Nc6 7. 0-0 Bf8 8. d4 exd4 9. exd4 Ne7 10. Bg5 Ng6 11. Nd5 Be7 12. Nxe7+ Qxe7 13. Nc3 c6 14. Qd2 Qb4 15. Bxf6 gxf6 16. Rfe1 Rf8 17. a3 Qxc4 18. Ne4 d5 19. Nxf6+ Kg7 20. Nh5+ Kh8 21. Bf1 Qa4 22. b3 1-0

[Event "Lympia Cyprus-ch op"]
[Site "Lympia"]
[Date "2020.01.26"]
[Round "7"]
[White "Abatzidis, Stelios"]
[Black "Antoniou, Rafail"]
[Result "1-0"]
[WhiteElo "1854"]
[BlackElo "1510"]
[PlyCount "103"]
[EventDate "2020.01.05"]
[EventType "swiss"]
[EventRounds "9"]
[EventCountry "CYP"]
[SourceTitle "CBM 194 Extra"]
[Source "ChessBase"]
[SourceDate "2020.03.31"]
[SourceVersion "1"]
[SourceVersionDate "2020.03.31"]
[SourceQuality "1"]

1. d4 Nf6 2. Bf4 e6 3. Nf3 d5 4. e3 Nbd7 5. Bd3 b6 6. Nbd2 Bb7 7. Ne5 Bd6 8. Ndf3 h6 9. Nxd7 Nxd7 10. Bg3 Bxg3 11. hxg3 Qe7 12. c3 e5 13. Bb5 c6 14. Be2 e4 15. Ng1 Nf8 16. Qa4 Ne6 17. Nh3 a5 18. Nf4 Nxf4 19. gxf4 b5 20. Qc2 a4 21. g4 Kd7 22. 0-0-0 g5 23. f5 f6 24. Qd2 Rae8 25. Rh5 Rh7 26. Rdh1 Reh8 27. R1h3 Kc7 28. Qe1 Kb6 29. a3 Bc8 30. Qh1 Qf8 31. Bd1 Bd7 32. Rh2 Be8 33. R5h3 Bd7 34. Bc2 Be8 35. f3 exf3 36. Qxf3 Qf7 37. Bd1 Qe7 38. Qh1 Bf7 39. Kd2 Re8 40. Qg1 Reh8 41. Bf3 Qe8 42. Qh1 Qf8 43. e4 dxe4 44. Bxe4 Qe8 45. Re3 Qd7 46. Bf3 Kc7 47. Rhe2 Re8 48. Rxe8 Bxe8 49. Re6 Qf7 50. Bxc6 Qxe6 51. fxe6 Bxc6 52. d5 1-0

[Event "CYP-ch"]
[Site "Larnaca"]
[Date "2019.02.03"]
[Round "8"]
[White "Florentiades, Michalis"]
[Black "Abatzidis, Stelios"]
[Result "1-0"]
[WhiteElo "1990"]
[BlackElo "1912"]
[PlyCount "71"]
[EventDate "2019.01.12"]
[EventType "tourn"]
[EventRounds "9"]
[EventCountry "CYP"]
[SourceTitle "CBM 189 Extra"]
[Source "ChessBase"]
[SourceDate "2019.06.03"]
[SourceVersion "1"]
[SourceVersionDate "2019.06.03"]
[SourceQuality "1"]

1. d4 Nf6 2. Bf4 b6 3. e3 Bb7 4. Nf3 Nh5 5. Bg5 h6 6. Bh4 g5 7. Bg3 Nxg3 8. hxg3 Bg7 9. Bd3 d6 10. c3 Nd7 11. Nbd2 e6 12. Qe2 c5 13. 0-0-0 a6 14. Kb1 b5 15. Ne4 Bxe4 16. Bxe4 d5 17. Bc2 f5 18. Nd2 Qc7 19. Qh5+ Kf8 20. Qe2 Nf6 21. Nb3 c4 22. Nc5 Qd6 23. f3 Kf7 24. e4 Nd7 25. exf5 exf5 26. Bxf5 Rhe8 27. Qc2 Nf8 28. g4 a5 29. Rde1 b4 30. Rxe8 Rxe8 31. Ka1 Re3 32. Qd2 Qf4 33. Re1 Rxf3 34. Qe2 Rf2 35. Qe7+ Kg8 36. Ne6 1-0

[Event "CYP-ch"]
[Site "Larnaca"]
[Date "2019.01.26"]
[Round "5"]
[White "Abatzidis, Stelios"]
[Black "Hadjinicolaou, Andreas"]
[Result "0-1"]
[WhiteElo "1912"]
[BlackElo "1601"]
[PlyCount "78"]
[EventDate "2019.01.12"]
[EventType "tourn"]
[EventRounds "9"]
[EventCountry "CYP"]
[SourceTitle "CBM 189 Extra"]
[Source "ChessBase"]
[SourceDate "2019.06.03"]
[SourceVersion "1"]
[SourceVersionDate "2019.06.03"]
[SourceQuality "1"]

1. e4 c5 2. Nf3 Nc6 3. d4 cxd4 4. Nxd4 g6 5. Nc3 Bg7 6. Be3 Nf6 7. Bc4 0-0 8. f3 Qb6 9. Bb3 Nxe4 10. Nf5 Nxc3 11. Qd2 Qa5 12. Nxg7 Nb5 13. c3 Kxg7 14. Bh6+ Kg8 15. Bxf8 Kxf8 16. h4 Nd6 17. Bd5 Ne8 18. 0-0-0 Nf6 19. Bb3 d6 20. g4 h5 21. Rhe1 Kg7 22. g5 Ne8 23. Kb1 Bf5+ 24. Ka1 Nc7 25. Qf4 Ne6 26. Qc4 Ne5 27. Qe2 Nf4 28. Qf1 Rc8 29. Re3 Kf8 30. Rd4 Qb6 31. Re1 Ned3 32. Rd1 Bh3 33. Qg1 Ne2 34. Qe3 Nxd4 35. cxd4 Bf5 36. Qf4 e6 37. Qd2 Qxd4 38. a3 a5 39. Bc2 Qxb2# 0-1

[Event "CYP-ch"]
[Site "Larnaca"]
[Date "2019.01.13"]
[Round "2"]
[White "Michaelides, Konstantinos"]
[Black "Abatzidis, Stelios"]
[Result "1-0"]
[WhiteElo "2229"]
[BlackElo "1912"]
[PlyCount "95"]
[EventDate "2019.01.12"]
[EventType "tourn"]
[EventRounds "9"]
[EventCountry "CYP"]
[SourceTitle "CBM 189 Extra"]
[Source "ChessBase"]
[SourceDate "2019.06.03"]
[SourceVersion "1"]
[SourceVersionDate "2019.06.03"]
[SourceQuality "1"]

1. d4 Nf6 2. c4 b6 3. Nf3 Bb7 4. g3 e6 5. Bg2 Bb4+ 6. Bd2 Bxd2+ 7. Nbxd2 c5 8. 0-0 cxd4 9. Nxd4 Bxg2 10. Kxg2 d5 11. N2f3 0-0 12. Rc1 dxc4 13. Rxc4 Qd5 14. Qc2 Nbd7 15. Rd1 Ne5 16. Rc7 Nxf3 17. Nxf3 Qxa2 18. Ne5 Qa5 19. Nc6 Qa6 20. Rd4 b5 21. Qc5 Qb6 22. Qxb6 axb6 23. Rb7 Ra6 24. Rb4 Nd5 25. Rxb5 Ra4 26. Ne7+ Nxe7 27. Rxe7 Rb8 28. Rxb6 Rf8 29. Rbb7 g6 30. b4 h5 31. h3 Ra6 32. e4 Rd6 33. b5 Rd3 34. b6 Rb3 35. h4 Rb5 36. Kf3 e5 37. Red7 Kg7 38. Ke3 Rb2 39. Rd2 Rb3+ 40. Rd3 Rb1 41. Rdd7 Kf6 42. Rd6+ Kg7 43. Rdd7 Kf6 44. Kd3 Ke6 45. Re7+ Kf6 46. Rec7 Rb2 47. Kc3 Re2 48. Rxf7+ 1-0

[Event "CYP-ch"]
[Site "Larnaca"]
[Date "2018.05.06"]
[Round "4"]
[White "Hadjiyiannis, Costas"]
[Black "Abatzidis, Stelios"]
[Result "0-1"]
[WhiteElo "1769"]
[BlackElo "1902"]
[PlyCount "90"]
[EventDate "2018.04.28"]
[EventType "tourn"]
[EventRounds "11"]
[EventCountry "CYP"]
[SourceTitle "EXT 2021"]
[Source "ChessBase"]
[SourceDate "2020.10.23"]
[SourceVersion "1"]
[SourceVersionDate "2020.10.23"]
[SourceQuality "1"]

1. Nf3 Nf6 2. c4 e6 3. d4 b6 4. g3 Bb7 5. Bg2 Ne4 6. 0-0 f5 7. Qc2 d6 8. Nfd2 d5 9. Nxe4 dxe4 10. e3 Nd7 11. Nc3 Nf6 12. Qa4+ Qd7 13. Qxd7+ Kxd7 14. Rd1 Bb4 15. Ne2 g5 16. a3 Be7 17. b4 Ba6 18. b5 Bb7 19. Bb2 Rhd8 20. Nc3 Ke8 21. Rd2 a6 22. Bf1 Kf7 23. Be2 Bd6 24. Rad1 Be7 25. d5 e5 26. Rc2 h5 27. h3 f4 28. Na2 Bd6 29. Nb4 axb5 30. cxb5 Rh8 31. Bc4 Rh6 32. Bb3 Nd7 33. Nc6 Nc5 34. Bc4 Bxc6 35. dxc6+ Ke7 36. Kh2 Rf8 37. Kg2 Rhf6 38. Bc3 fxe3 39. fxe3 Rf3 40. Re1 Nd3 41. Bxd3 exd3 42. Ra2 e4 43. Bb4 Rxg3+ 44. Kh2 Rff3 45. Bxd6+ Kxd6 0-1

[Event "Nicosia Summer op"]
[Site "Nikosia"]
[Date "2015.06.03"]
[Round "1"]
[White "Abatzidis, Stelios"]
[Black "Charalambous, Antonis"]
[Result "1-0"]
[WhiteElo "1922"]
[BlackElo "1590"]
[PlyCount "80"]
[EventDate "2015.06.03"]
[EventType "swiss"]
[EventRounds "7"]
[EventCountry "CYP"]
[SourceTitle "EXT 2019"]
[Source "ChessBase"]
[SourceDate "2018.10.10"]
[SourceVersion "1"]
[SourceVersionDate "2018.10.10"]
[SourceQuality "1"]

1. Nf3 d5 2. d4 Nf6 3. Bg5 e6 4. e3 Be7 5. Nbd2 Nbd7 6. Bd3 c5 7. c3 Qb6 8. b3 Qa5 9. Qc2 b5 10. 0-0 c4 11. Be2 0-0 12. b4 Qc7 13. a4 Ba6 14. Kh1 Bd6 15. h3 h6 16. Bxf6 Nxf6 17. Ng1 e5 18. dxe5 Bxe5 19. Ngf3 Bd6 20. Nd4 Rab8 21. Bf3 Qb7 22. axb5 Bxb5 23. Nxb5 Qxb5 24. Rxa7 Rb7 25. Ra5 Qc6 26. Rfa1 Bc7 27. Ra6 Rb6 28. Ra7 Re8 29. Qa4 Qd6 30. g3 Qe6 31. Rxc7 Qxh3+ 32. Kg1 Rxe3 33. Bg2 Rxg3 34. fxg3 Qxg3 35. Rc8+ Kh7 36. Qc2+ g6 37. Nf1 Qe5 38. Ra7 Kg7 39. Rcc7 Kg8 40. Rxf7 Kh8 1-0

[Event "Nicosia-ch op"]
[Site "Nikosia"]
[Date "2015.03.21"]
[Round "7"]
[White "Zacharoplastis, Pambos"]
[Black "Abatzidis, Stelios"]
[Result "0-1"]
[WhiteElo "1699"]
[BlackElo "1957"]
[PlyCount "119"]
[EventDate "2015.03.09"]
[EventType "swiss"]
[EventRounds "7"]
[EventCountry "CYP"]
[SourceTitle "EXT 2019"]
[Source "ChessBase"]
[SourceDate "2018.10.10"]
[SourceVersion "1"]
[SourceVersionDate "2018.10.10"]
[SourceQuality "1"]

1. e4 e5 2. Nf3 Nc6 3. Be2 Bc5 4. 0-0 d6 5. Nc3 f5 6. exf5 Bxf5 7. d3 Nf6 8. Na4 Bb6 9. Nxb6 cxb6 10. Bg5 h6 11. Bxf6 Qxf6 12. Nd2 g5 13. Bh5+ Kd7 14. Ne4 Qe6 15. Ng3 Kc7 16. Nxf5 Qxf5 17. Bg4 Qf7 18. c3 h5 19. Be2 Rag8 20. a4 g4 21. b4 Ne7 22. f3 Qf4 23. fxg4 Qe3+ 24. Rf2 hxg4 25. Bxg4 Nd5 26. Qf3 Qxf3 27. Bxf3 Nf4 28. Rd1 Nh3+ 29. Kf1 Nxf2 30. Kxf2 Rxh2 31. Re1 Rg5 32. d4 a5 33. b5 Rh4 34. dxe5 Rxe5 35. Rxe5 dxe5 36. g4 e4 37. Be2 Kd6 38. Kg3 Rh1 39. Kf4 Ra1 40. Kxe4 Rxa4+ 41. c4 Ra1 42. Kf5 Re1 43. Bf3 Re5+ 44. Kg6 a4 45. Bd5 a3 46. g5 a2 47. c5+ Kxc5 48. Bxa2 Kxb5 49. Kf6 Re2 50. Bd5 Rf2+ 51. Kg6 Kc5 52. Bxb7 Kd4 53. Kg7 b5 54. g6 b4 55. Kg8 Kc3 56. g7 b3 57. Be4 b2 58. Kh8 Rh2+ 59. Bh7 b1Q 60. g8Q 0-1

[Event "Nicosia-ch op"]
[Site "Nikosia"]
[Date "2015.03.15"]
[Round "4"]
[White "Abatzidis, Stelios"]
[Black "Damianou, Ioannis"]
[Result "1/2-1/2"]
[WhiteElo "1957"]
[BlackElo "1789"]
[PlyCount "35"]
[EventDate "2015.03.09"]
[EventType "swiss"]
[EventRounds "7"]
[EventCountry "CYP"]
[SourceTitle "EXT 2019"]
[Source "ChessBase"]
[SourceDate "2018.10.10"]
[SourceVersion "1"]
[SourceVersionDate "2018.10.10"]
[SourceQuality "1"]

1. e4 e5 2. Nf3 Nc6 3. Bb5 a6 4. Ba4 Nf6 5. 0-0 b5 6. Bb3 Bb7 7. Ng5 d5 8. exd5 Nxd5 9. Qf3 Qxg5 10. Bxd5 Qg6 11. c3 Bc5 12. d4 exd4 13. Re1+ Be7 14. Bg5 0-0-0 15. Bxc6 Bxc6 16. Qh3+ Bd7 17. Qf3 Bc6 18. Qh3+ 1/2-1/2

[Event "CYP-chB op"]
[Site "Nicosia"]
[Date "2015.01.31"]
[Round "8"]
[White "Abatzidis, Stelios"]
[Black "Melas, Renos"]
[Result "0-1"]
[WhiteElo "1937"]
[BlackElo "2132"]
[PlyCount "62"]
[EventDate "2015.01.09"]
[EventType "swiss"]
[EventRounds "9"]
[EventCountry "CYP"]
[SourceTitle "EXT 2016"]
[Source "ChessBase"]
[SourceDate "2015.10.08"]
[SourceVersion "1"]
[SourceVersionDate "2015.10.08"]
[SourceQuality "1"]

1. Nf3 Nf6 2. b4 d5 3. Bb2 e6 4. a3 c5 5. bxc5 Bxc5 6. e3 0-0 7. c4 b6 8. d4 Bd6 9. Nbd2 Ba6 10. Bd3 Nc6 11. 0-0 Na5 12. Qe2 Rc8 13. cxd5 Bxd3 14. Qxd3 exd5 15. Ne5 Qc7 16. Rfc1 Qb7 17. Bc3 Nc6 18. f4 Rc7 19. Rf1 Rfc8 20. Bb2 b5 21. Rf2 Na5 22. Ndf3 Ne4 23. Re2 f6 24. Ng4 Nc4 25. Qb3 a5 26. Nf2 a4 27. Qd1 b4 28. axb4 Qxb4 29. Rxa4 Nxb2 30. Rxb4 Nxd1 31. Rb6 Ndxf2 0-1

[Event "CYP-chB op"]
[Site "Nicosia"]
[Date "2015.01.11"]
[Round "3"]
[White "Abatzidis, Stelios"]
[Black "Lazaris, Stelios"]
[Result "1-0"]
[WhiteElo "1937"]
[BlackElo "1777"]
[PlyCount "125"]
[EventDate "2015.01.09"]
[EventType "swiss"]
[EventRounds "9"]
[EventCountry "CYP"]
[SourceTitle "EXT 2016"]
[Source "ChessBase"]
[SourceDate "2015.10.08"]
[SourceVersion "1"]
[SourceVersionDate "2015.10.08"]
[SourceQuality "1"]

1. Nf3 d5 2. d4 Nf6 3. Bg5 Nbd7 4. e3 c6 5. Nbd2 e6 6. Bd3 Be7 7. Qe2 h6 8. Bh4 g5 9. Bg3 Qb6 10. b3 Nh5 11. Be5 Nxe5 12. dxe5 Bd7 13. a3 c5 14. c4 g4 15. Ng1 Rg8 16. g3 0-0-0 17. h3 f5 18. hxg4 Ng7 19. gxf5 Nxf5 20. Bxf5 exf5 21. cxd5 Bb5 22. Qf3 Bd3 23. d6 Bf8 24. Qd5 Bxd6 25. Qxd3 Be7 26. Qxf5+ Kb8 27. Qe4 Rxd2 28. Kxd2 Rd8+ 29. Ke2 Qa6+ 30. Kf3 Rf8+ 31. Kg2 Qa5 32. Rxh6 Qd2 33. Nf3 Qd7 34. Rh7 Rg8 35. b4 cxb4 36. axb4 Re8 37. Rxa7 Kxa7 38. Qd4+ Qxd4 39. Nxd4 Kb6 40. Rxe7 Rxe7 41. f4 Kc7 42. g4 Kd7 43. g5 Ke8 44. Kf3 Kf7 45. Ke4 Kg6 46. Ne6 Kf7 47. f5 Rxe6 48. g6+ Rxg6 49. e6+ Rxe6+ 50. fxe6+ Kxe6 51. Kd4 Kd6 52. Kc4 Kc6 53. e4 b5+ 54. Kd3 Kd7 55. Ke3 Ke6 56. Kf4 Kf6 57. e5+ Kg6 58. Kg4 Kg7 59. Kg5 Kf7 60. Kf5 Kf8 61. Kf6 Kg8 62. Ke6 Kf8 63. Kd7 1-0

[Event "CYP-chB op"]
[Site "Nicosia"]
[Date "2015.01.10"]
[Round "2"]
[White "Hadjikyriakou, Arsenios"]
[Black "Abatzidis, Stelios"]
[Result "0-1"]
[WhiteElo "1738"]
[BlackElo "1937"]
[PlyCount "64"]
[EventDate "2015.01.09"]
[EventType "swiss"]
[EventRounds "9"]
[EventCountry "CYP"]
[SourceTitle "EXT 2016"]
[Source "ChessBase"]
[SourceDate "2015.10.08"]
[SourceVersion "1"]
[SourceVersionDate "2015.10.08"]
[SourceQuality "1"]

1. d4 Nf6 2. c4 e6 3. Nc3 d5 4. cxd5 exd5 5. Bg5 Be7 6. e3 0-0 7. Bd3 Re8 8. Nge2 Nbd7 9. 0-0 Nf8 10. b4 Bg4 11. b5 Ne6 12. Bh4 Bh5 13. Qc2 Bg6 14. Bxg6 hxg6 15. Bxf6 gxf6 16. Qb3 c6 17. Rfc1 Kg7 18. a4 f5 19. Rab1 Bd6 20. bxc6 bxc6 21. Qb7 Rc8 22. Qxa7 Rh8 23. g3 g5 24. Rb7 Bc7 25. Qa6 f4 26. exf4 gxf4 27. Qd3 Qg5 28. Rd1 Qg4 29. f3 Qh3 30. g4 Ng5 31. Kf2 Rhe8 32. Rh1 Re3 0-1

[Event "CYP-ch"]
[Site "Cyprus"]
[Date "2012.02.12"]
[Round "12"]
[White "Abatzidis, Stelios"]
[Black "Avsitidiysky, Andrey"]
[Result "1/2-1/2"]
[WhiteElo "1984"]
[BlackElo "1859"]
[PlyCount "69"]
[EventDate "2012.01.07"]
[EventType "swiss"]
[EventRounds "12"]
[EventCountry "CYP"]
[SourceTitle "EXT 2014"]
[Source "ChessBase"]
[SourceDate "2013.11.20"]
[SourceVersion "1"]
[SourceVersionDate "2013.11.20"]
[SourceQuality "1"]

1. Nf3 d5 2. b4 Nf6 3. Bb2 g6 4. e3 Bg7 5. d3 0-0 6. Nbd2 c6 7. Be2 Nbd7 8. c4 b6 9. Rc1 dxc4 10. Nxc4 c5 11. bxc5 Nxc5 12. 0-0 Bb7 13. d4 Nce4 14. Nfe5 b5 15. Nd2 a6 16. Nb3 Bd5 17. f3 Nd6 18. e4 Bxb3 19. Qxb3 Qb6 20. Rc6 Qa7 21. Kh1 Nh5 22. Rfc1 Nc4 23. Nxc4 bxc4 24. Qxc4 Qb7 25. Ba3 Nf4 26. Bf1 Qd7 27. d5 Rfe8 28. g3 Nh5 29. f4 Nf6 30. Bg2 Ng4 31. Qe2 Nf6 32. Qd3 a5 33. e5 Ng4 34. h3 Nf2+ 35. Kh2 1/2-1/2

[Event "CYP-ch op"]
[Site "Cyprus"]
[Date "2011.02.19"]
[Round "7"]
[White "Florentiades, Michalis"]
[Black "Abatzidis, Stelios"]
[Result "1/2-1/2"]
[WhiteElo "2058"]
[BlackElo "2007"]
[PlyCount "69"]
[EventDate "2011.01.15"]
[EventType "swiss"]
[EventRounds "9"]
[EventCountry "CYP"]
[SourceTitle "EXT 2012"]
[Source "ChessBase"]
[SourceDate "2011.11.24"]
[SourceVersion "1"]
[SourceVersionDate "2011.11.24"]
[SourceQuality "1"]

1. e4 c5 2. Nc3 d6 3. g3 e6 4. Bg2 Nc6 5. d3 a6 6. f4 Qc7 7. Nf3 Be7 8. 0-0 Bf6 9. Be3 Bd4 10. Qd2 Nf6 11. h3 b5 12. Nd1 Bb7 13. Bf2 Bxf2+ 14. Nxf2 a5 15. g4 a4 16. f5 e5 17. Qg5 Kf8 18. Qd2 a3 19. b3 b4 20. Rac1 Nd7 21. g5 Qb6 22. Ng4 Ke8 23. Kh2 Kd8 24. Ne3 Na7 25. Nc4 Qc7 26. c3 bxc3 27. Rxc3 Nb5 28. Rcc1 Nb8 29. Kh1 Nc6 30. Ne3 Nb4 31. h4 Qb6 32. Nc4 Qc7 33. Ne3 Qd7 34. Nc4 Qc7 35. Ne3 1/2-1/2

[Event "CYP-chT Clubs"]
[Site "Pervolia"]
[Date "2010.05.30"]
[Round "4"]
[White "Florentiades, Michalis"]
[Black "Abatzidis, Stelios"]
[Result "0-1"]
[WhiteElo "2058"]
[BlackElo "2006"]
[PlyCount "72"]
[EventDate "2010.05.29"]
[EventType "team-swiss"]
[EventRounds "5"]
[EventCountry "CYP"]
[SourceTitle "EXT 2012"]
[Source "ChessBase"]
[SourceDate "2011.11.24"]
[SourceVersion "1"]
[SourceVersionDate "2011.11.24"]
[SourceQuality "1"]
[WhiteTeam "Lefkosia"]
[BlackTeam "Lemesos"]
[WhiteTeamCountry "CYP"]
[BlackTeamCountry "CYP"]

1. e4 c5 2. Nc3 e6 3. g3 a6 4. Bg2 Nc6 5. d3 d6 6. Be3 Qc7 7. Qd2 Be7 8. Nge2 Bf6 9. Bg5 h6 10. Bxf6 Nxf6 11. h3 Rb8 12. 0-0 b5 13. f4 b4 14. Nd1 Bb7 15. Ne3 0-0 16. g4 a5 17. h4 Nd4 18. Ng3 a4 19. g5 Nd7 20. c3 bxc3 21. bxc3 Nc6 22. Rf2 Ne7 23. Qe2 Kh7 24. Qh5 Ng8 25. Kh2 a3 26. f5 Ne5 27. Rd1 Ba6 28. Rfd2 Rb2 29. c4 Rfb8 30. gxh6 Nxh6 31. fxe6 fxe6 32. Qe2 Qa5 33. Ngf1 Qc3 34. Rc2 Qd4 35. Rdd2 Bc8 36. Ng3 Qxe3 0-1